100 Most Popular Baby Girl Names Starting with B in the UK, 2021 - Statistics

General Stats
  • This quiz has been taken 336 times
  • The average score is 30 of 100
Answer Stats
Name % Correct
Bo
92%
Bea
90%
Bella
90%
Belle
85%
Beth
84%
Bria
84%
Beatrice
81%
Bethan
81%
Bethany
81%
Brianna
81%
Bettie
79%
Betty
79%
Bonnie
78%
Bonny
78%
Bree
72%
Beau
70%
Barbara
65%
Billie
65%
Bessie
60%
Betsie
59%
Betsy
59%
Bailey
54%
Brooke
52%
Brooklyn
50%
Beatrix
49%
Bridget
47%
Bianca
46%
Blake
45%
Briana
45%
Brielle
43%
Briella
38%
Bay
37%
Bobbi
35%
Beaux
34%
Bee
33%
Bernadette
33%
Blair
32%
Bobbie
32%
Blue
27%
Briony
27%
Bonnie-Blu
26%
Breanna
26%
Bryony
26%
Blakely
25%
Birdie
24%
Bow
24%
Briar
23%
Bodhi
22%
Bella-Rose
21%
Bellarose
21%
Bridie
21%
Boe
19%
Blythe
18%
Baby
17%
Brea
17%
Brodie
17%
Blanca
16%
Blossom
16%
Bluebell
16%
Bailee
15%
Bella-Mae
14%
Betsi
13%
Blaire
13%
Bronwen
13%
Bianka
11%
Blessing
11%
Brogan
11%
Bellatrix
10%
Bibi
10%
Bayleigh
9%
Beatriz
9%
Bloom
9%
Bonnie-Rose
9%
Bronte
9%
Beulah
8%
Bonnie-Mae
8%
Blanka
6%
Bowie
6%
Billie-Mae
5%
Billie-Rose
5%
Bluebelle
5%
Bella-Rae
4%
Bethel
4%
Beca
3%
Billie-Jo
3%
Bonnie-Rae
3%
Bora
3%
Baani
2%
Bani
2%
Basma
2%
Bayan
2%
Bleu
2%
Bonnie-Mai
2%
Bushra
2%
Batsheva
1%
Betsan
1%
Bisma
1%
Bonnie-Leigh
1%
Bahar
0%
Barakah
0%
No matching quizzes found
Score Distribution
Percent of People with Each Score
Percentile by Number Answered
Your Score History
You have not taken this quiz